| 000 | 00838nam a22002537a 4500 | ||
|---|---|---|---|
| 003 | CBULib | ||
| 005 | 20230817070909.0 | ||
| 008 | 230718b |||||||| |||| 00| 0 eng d | ||
| 020 | _a9780231177801 | ||
| 040 |
_cCBULib _bEnglish _erda |
||
| 050 | _aGB 5014 Ram | ||
| 100 | 1 |
_aRampino, Michael R. _9573 |
|
| 245 |
_aCataclysms : a new geology for the twenty-first century _c/by Michael R. Rampino |
||
| 300 | _avi, 211 pages : illustrations | ||
| 336 |
_2rdacontent _aText | _btxt |
||
| 337 |
_2rdamedia _aUnmediated | _bn |
||
| 338 |
_2rdacarrier _aVolume _bnc |
||
| 504 | _aIncludes bibliographical references and index. | ||
| 650 | 0 |
_9574 _aNATURAL DISASTERS--ENVIRONMENTAL ASPECTS |
|
| 650 | 0 |
_9575 _aVOLCANIC ERUPTIONS |
|
| 650 | 0 |
_9576 _aCOMETS--COLLISIONS WITH EARTH |
|
| 650 | 0 |
_9577 _aEXTINCTION (BIOLOGY) |
|
| 942 |
_2lcc _c002 |
||
| 999 |
_c81209 _d81209 |
||